| 000 | 00760nam a22002177a 4500 | ||
|---|---|---|---|
| 999 |
_c17159 _d17159 |
||
| 003 | AR-CdUCM | ||
| 008 | 190507b ||||| |||| 00| 0 spa d | ||
| 040 |
_aMUNICIPALIDAD PROVINCIAL DEL CUSCO _cBIBLIOTECA MUNICIPAL DEL CUSCO |
||
| 082 |
_a332 / _bS56 |
||
| 100 |
_aSimonette, Ernesto _937015 |
||
| 245 | _aLos contratos de crédito / | ||
| 260 |
_aBarcelona : _bJ. M. Bosch, _c1958. |
||
| 300 |
_a515 páginas ; _c23 cm. |
||
| 505 | _aContenido : Teorías primitivas y teorías del goce -- La teoría del lucro -- Las nuevas orientaciones y la teoría del plazo ... | ||
| 650 |
_aCrédito _94465 |
||
| 650 |
_aContrato _99377 |
||
| 650 |
_aPlazo _937016 |
||
| 700 |
_aMartínez Valencia, Juan _937017 |
||
| 942 |
_2ddc _cLIBROS |
||
| 945 |
_arah _d07/05/2019 |
||